Central Library OPAC University of Rajshahi

Islamic architects and their works / (Record no. 62355)

MARC details
000 -LEADER
fixed length control field 00662cam a22002291 4500
001 - CONTROL NUMBER
control field 62355
003 - CONTROL NUMBER IDENTIFIER
rucl marc code BD-RjUL
005 - DATE AND TIME OF LATEST TRANSACTION
control field 20211209081055.0
008 - FIXED-LENGTH DATA ELEMENTS--GENERAL INFORMATION
fixed length control field 170123s1956 sz 000 0 eng d
035 ## - SYSTEM CONTROL NUMBER
System control number (BD-RjUL)62481
040 ## - CATALOGING SOURCE
Original cataloging agency BD-RjUL
Transcribing agency BD-RjUL
Modifying agency BD-RjUL
Language of cataloging eng
041 ## - LANGUAGE CODE
Language code of text/sound track or separate title eng
082 ## - DEWEY DECIMAL CLASSIFICATION NUMBER
Edition number 23
Classification number 723.3
Author mark and year MAI 1956
100 1# - MAIN ENTRY--PERSONAL NAME
Personal name Mayer, L. A.
Fuller form of name (Leo Ary),
Dates associated with a name 1895-1959.
9 (RLIN) 185474
245 10 - TITLE STATEMENT
Title Islamic architects and their works /
Statement of responsibility, etc. L A Mayer
260 ## - PUBLICATION, DISTRIBUTION, ETC. (IMPRINT)
Place of publication, distribution, etc. Genève,
Name of publisher, distributor, etc. A. Kundig,
Date of publication, distribution, etc. 1956.
300 ## - PHYSICAL DESCRIPTION
Pagination 183 p. ;
Size 27 cm.
504 ## - BIBLIOGRAPHY, ETC. NOTE
Bibliography, etc Includes bibliography
650 #0 - SUBJECT ADDED ENTRY--TOPICAL TERM
Topical term or geographic name as entry element Muslim architects.
9 (RLIN) 185475
Topical term or geographic name as entry element Islamic architecture.
9 (RLIN) 185476
942 ## - ADDED ENTRY ELEMENTS (KOHA)
Source of classification or shelving scheme Dewey Decimal Classification
Koha item type Books
Holdings
Lost status Source of classification or shelving scheme Damaged status Not for loan Collection code Permanent Location Current Location Shelving location Date acquired Source of acquisition Cost, normal purchase price Total Checkouts Full call number Date last seen Copy number Koha item type
  Dewey Decimal Classification   Not For Loan Non-fiction Central Library, University of Rajshahi Central Library, University of Rajshahi Reading Room 23/11/1962 Faruqe library 50.00   723.3 MAI 1956 23/01/2017 C-1 Books